Aktuální otázky efektivnosti socialistické reklamy v obchodním domě Bílá labuť záverečná práca postgraduálneho štúdia

Saved in:
Bibliographic Details
Main Author: Chmelíková, Květuše
Corporate Author: Vysoká škola ekonomická v Bratislave
Other Authors: Prachár, Juraj
Format: Book
Language:Czech
Published: Bratislava 1987
Tags: Add Tag
No Tags, Be the first to tag this record!

MARC

LEADER 00000nam a2200000 4500
001 c037958
005 20221219102440.6
041 0 |a cze 
044 |a SK 
245 1 0 |a Aktuální otázky efektivnosti socialistické reklamy v obchodním domě Bílá labuť  |b záverečná práca postgraduálneho štúdia  |c Květuše Chmelíková ; Ved. práce Juraj Prachár 
264 1 |a Bratislava  |c 1987 
300 |a 40 s. 
100 1 |a Chmelíková, Květuše 
700 1 |a Prachár, Juraj 
710 2 |a Vysoká škola ekonomická v Bratislave